[Event "Ct. Catalunya eq DH"]
[Site "?"]
[Date "2012.03.24"]
[Round "9.4"]
[White "Vidarte Morales, A."]
[Black "Granados Gomez, M."]
[Result "0-1"]
[WhiteElo "2400"]
[BlackElo "2421"]
[PlyCount "138"]
[EventDate "2012.??.??"]
[EventType "team"]
[EventRounds "11"]

1. c4 e5 2. Nc3 Nf6 3. e3 Nc6 4. a3 d5 5. cxd5 Nxd5 6. Qc2 Nxc3 7. Qxc3 Bd6 8.
b4 O-O 9. Bb2 Kh8 10. Nf3 f6 11. Qc2 a6 12. d3 Bf5 13. Be2 Bxb4+ 14. axb4 Nxb4
15. Qc3 Nxd3+ 16. Bxd3 Qxd3 17. Nh4 Qxc3+ 18. Bxc3 Be6 19. O-O-O a5 20. f4 exf4
21. exf4 b5 22. Rhe1 Bg4 23. Rd3 b4 24. Rg3 Bh5 25. Ba1 Rfe8 26. Rge3 c5 27.
Nf5 Rxe3 28. Rxe3 Re8 29. g4 Rxe3 30. Nxe3 Bf7 31. g5 fxg5 32. Nf5 gxf4 33.
Bxg7+ Kg8 34. Be5 Be6 35. Nd6 f3 36. Kd2 a4 37. Ne4 c4 38. Bd6 c3+ 39. Ke3 Bf5
40. Nf6+ Kf7 41. Bxb4 c2 42. Ba3 Kxf6 43. Kxf3 Ke5 44. Ke3 Kd5 45. Bb2 Kc4 46.
Kd2 h5 47. h4 Be4 48. Kc1 Kd3 49. Ba3 Ke3 50. Be7 Kf3 51. Kb2 Ke2 52. Kc1 Kd3
53. Ba3 Kc3 54. Be7 Kb3 55. Bf8 a3 56. Be7 a2 57. Bf6 Kc4 58. Bg7 Kd3 59. Bf6
Ke2 60. Bc3 Kf3 61. Kd2 Bg6 62. Bb2 Kg4 63. Bf6 Bf5 64. Kc1 a1=Q+ 65. Bxa1 Kxh4
66. Kd2 Kg4 67. Be5 h4 68. Bd4 h3 69. Be5 Kf3 0-1

[Event "Ct. Catalunya eq DH"]
[Site "?"]
[Date "2012.??.??"]
[Round "9.4"]
[White "Vila Gazquez, X."]
[Black "Ordobas Martinez, V."]
[Result "1-0"]
[WhiteElo "2490"]
[BlackElo "2208"]
[PlyCount "87"]
[EventDate "2012.??.??"]
[EventType "team"]
[EventRounds "11"]

1. e4 e5 2. Bc4 Nc6 3. Nc3 Nf6 4. d3 Bc5 5. h3 d6 6. Na4 Bb6 7. Ne2 d5 8. exd5
Nxd5 9. O-O Be6 10. Nxb6 axb6 11. f4 exf4 12. Bxd5 Bxd5 13. Nxf4 O-O 14. Bd2 f6
15. Bc3 Ne5 16. Qe2 Qd6 17. a3 Rae8 18. Qd2 Bf7 19. Bb4 c5 20. Bc3 Rd8 21. Qf2
Rfe8 22. Rad1 Nc6 23. Rde1 Rxe1 24. Rxe1 Re8 25. Rxe8+ Bxe8 26. Qe2 Bf7 27. Qg4
Ne7 28. Kh1 Kf8 29. b4 g6 30. h4 h5 31. Qg3 Nf5 32. Qf2 Nh6 33. Qg3 Nf5 34. Qf2
Nh6 35. Qf3 Ng4 36. Kg1 Kg8 37. g3 g5 38. hxg5 fxg5 39. Ne2 Qe6 40. Bd2 Ne5 41.
Qe4 g4 42. Kf2 Bg6 43. Nf4 Qf6 44. Qxb7 1-0

[Event "Ct. Catalunya eq DH"]
[Site "?"]
[Date "2012.03.24"]
[Round "9.5"]
[White "Borras Duran, P."]
[Black "Casanellas Ruano, L."]
[Result "1-0"]
[WhiteElo "2331"]
[BlackElo "2316"]
[PlyCount "87"]
[EventDate "2012.??.??"]
[EventType "team"]
[EventRounds "11"]

1. d4 d5 2. Bf4 Nf6 3. e3 Bf5 4. Bd3 Bxd3 5. Qxd3 c6 6. Nd2 e6 7. Ngf3 Be7 8.
O-O Nbd7 9. c4 Nh5 10. Be5 f6 11. Bf4 O-O 12. Rab1 a5 13. a3 a4 14. b4 axb3 15.
Qxb3 b6 16. a4 g5 17. Bg3 Nxg3 18. hxg3 Kg7 19. cxd5 cxd5 20. e4 dxe4 21. Nxe4
g4 22. Nfd2 e5 23. dxe5 Nxe5 24. Rfd1 Qd4 25. Nc3 Bc5 26. Nde4 Qc4 27. Nxc5
Qxc5 28. Ne2 Qc4 29. Qe3 Rxa4 30. Nf4 Kh8 31. Rxb6 Qf7 32. Qc3 Rc4 33. Qa1 Rfc8
34. Rbd6 Qe7 35. Qa6 R4c6 36. Rxc6 Rxc6 37. Qa8+ Kg7 38. Nh5+ Kh6 39. Nf4 Rd6
40. Rb1 Rd8 41. Qa2 Kg7 42. Ne6+ Kh8 43. Nxd8 Qxd8 44. Qe6 1-0

[Event "Ct. Catalunya eq DH"]
[Site "?"]
[Date "2012.??.??"]
[Round "9.5"]
[White "Ortiz Amenos, JL."]
[Black "Asis Gargatagli, H."]
[Result "1-0"]
[WhiteElo "2200"]
[BlackElo "2496"]
[PlyCount "35"]
[EventDate "2012.??.??"]
[EventType "team"]
[EventRounds "11"]

1. e4 c5 2. Nf3 d6 3. c3 Nf6 4. Bd3 Nc6 5. Bc2 Bg4 6. h3 Bh5 7. g4 Bg6 8. Qe2
e6 9. d3 Be7 10. Nbd2 d5 11. Nf1 Qc7 12. Bg5 dxe4 13. dxe4 O-O-O 14. N1d2 h5
15. Bxf6 gxf6 16. O-O-O hxg4 17. hxg4 Rxh1 18. Rxh1 {ilegible} 1-0

[Event "Ct. Catalunya eq DH"]
[Site "?"]
[Date "2012.03.24"]
[Round "9.5"]
[White "Ryan, J."]
[Black "Gomez Jurado, LA."]
[Result "1/2-1/2"]
[WhiteElo "2347"]
[BlackElo "2356"]
[PlyCount "36"]
[EventDate "2012.??.??"]
[EventType "team"]
[EventRounds "11"]

1. g3 d5 2. Nf3 Bg4 3. Bg2 Nd7 4. c4 c6 5. cxd5 cxd5 6. Nc3 Ngf6 7. Qb3 Nb6 8.
Ne5 Bc8 9. O-O e6 10. d4 Be7 11. Bg5 O-O 12. Rad1 Ne8 13. Bxe7 Qxe7 14. e4 dxe4
15. Nxe4 Nd6 16. Nxd6 Qxd6 17. Rd2 Rb8 18. Rc1 Bd7 1/2-1/2

[Event "Ct. Catalunya eq DH"]
[Site "?"]
[Date "2012.03.24"]
[Round "9.6"]
[White "Alonso Moyano, J."]
[Black "Coll Ortega, J."]
[Result "1-0"]
[WhiteElo "2456"]
[BlackElo "2383"]
[PlyCount "75"]
[EventDate "2012.??.??"]
[EventType "team"]
[EventRounds "11"]

1. e4 c5 2. Nc3 a6 3. a4 Nc6 4. g3 g6 5. Bg2 Bg7 6. d3 d6 7. Be3 Nh6 8. h3 f5
9. Nf3 Nd4 10. Nd2 O-O 11. Nd5 e6 12. Nf4 Nf7 13. c3 Nc6 14. O-O Rb8 15. exf5
gxf5 16. Nh5 Ne7 17. Nxg7 Kxg7 18. d4 cxd4 19. Bxd4+ e5 20. Ba7 Ra8 21. Be3 Ng6
22. f4 Qe7 23. Nc4 Be6 24. Nb6 Rad8 25. c4 h6 26. Nd5 Bxd5 27. Qxd5 exf4 28.
Bd4+ Kh7 29. gxf4 Qd7 30. Qxb7 Qxb7 31. Bxb7 Rb8 32. Bd5 Ne7 33. Bg2 Nd8 34.
Rae1 Nec6 35. Bc3 Rg8 36. Kh2 Rc8 37. Bd5 Rg6 38. Re8 1-0

[Event "Ct. Catalunya eq DH"]
[Site "?"]
[Date "2012.03.24"]
[Round "9.6"]
[White "Martinez Romero, M."]
[Black "Yepes Martinez, E."]
[Result "0-1"]
[WhiteElo "2366"]
[BlackElo "2331"]
[PlyCount "58"]
[EventDate "2012.??.??"]
[EventType "team"]
[EventRounds "11"]

1. e4 e6 2. d4 d5 3. Nc3 Nf6 4. Bg5 dxe4 5. Nxe4 Be7 6. Nxf6+ Bxf6 7. Bxf6 Qxf6
8. Bd3 O-O 9. Nf3 c5 10. O-O cxd4 11. Nxd4 e5 12. Nb5 Nc6 13. Re1 Bf5 14. Bxf5
Qxf5 15. Nd6 Qg6 16. Nxb7 Rab8 17. Nc5 Rfd8 18. Qf3 Nd4 19. Qc3 Nxc2 20. b4
Nxa1 21. Rxa1 a5 22. a3 axb4 23. axb4 Qd6 24. h3 Qd4 25. Qxd4 Rxd4 26. b5 Rd5
27. Na6 Rbxb5 28. Nb4 Rd8 29. Nc6 Re8 0-1

[Event "Ct. Catalunya eq DH"]
[Site "?"]
[Date "2012.03.24"]
[Round "9.6"]
[White "Pijuan Herranz, M."]
[Black "Gutierrez Clares, J."]
[Result "1/2-1/2"]
[WhiteElo "2302"]
[BlackElo "2313"]
[PlyCount "111"]
[EventDate "2012.??.??"]
[EventType "team"]
[EventRounds "11"]

1. d4 Nf6 2. Nf3 g6 3. g3 Bg7 4. Bg2 O-O 5. O-O d6 6. c4 c6 7. Nc3 Qb6 8. b3
Qa5 9. Qd2 Qh5 10. Qg5 Qxg5 11. Bxg5 h6 12. Bd2 Nbd7 13. Rac1 e5 14. e4 exd4
15. Nxd4 Nc5 16. Nde2 g5 17. h3 Re8 18. f3 b6 19. Rcd1 d5 20. exd5 cxd5 21.
cxd5 Ba6 22. b4 Bxe2 23. Nxe2 Rxe2 24. bxc5 bxc5 25. f4 Ne4 26. Bxe4 Rxe4 27.
fxg5 hxg5 28. Bxg5 Bd4+ 29. Kg2 Re2+ 30. Kf3 Re5 31. Kg4 Rxd5 32. Rf5 Rxf5 33.
Kxf5 Re8 34. Rd3 Re5+ 35. Kf4 Re6 36. Kf5 Ra6 37. a3 Bb2 38. Rb3 Bd4 39. Ke4
Kg7 40. Kd5 Ra4 41. Be3 Bxe3 42. Rxe3 c4 43. Kc5 a6 44. Rf3 Kg6 45. Rc3 Kh6 46.
Kd5 Kg6 47. Ke5 Ra5+ 48. Kd4 Ra4 49. Ke4 Ra5 50. h4 Kh5 51. Kd4 Ra4 52. Kd5 Kg6
53. Kc5 Kh6 54. Rf3 Kg6 55. Rc3 Kh6 56. Kd5 1/2-1/2

[Event "Ct. Catalunya eq DH"]
[Site "?"]
[Date "2012.03.24"]
[Round "9.6"]
[White "Rahal, M."]
[Black "Castellet Giralt, G."]
[Result "1-0"]
[WhiteElo "2420"]
[BlackElo "2311"]
[PlyCount "97"]
[EventDate "2012.??.??"]
[EventType "team"]
[EventRounds "11"]

1. e4 c5 2. Nf3 d6 3. d4 Nf6 4. Nc3 cxd4 5. Nxd4 g6 6. Be3 Bg7 7. f3 Nc6 8. Qd2
O-O 9. O-O-O Nxd4 10. Bxd4 Be6 11. Kb1 Rc8 12. Nd5 Nxd5 13. Bxg7 Kxg7 14. exd5
Bf5 15. Rc1 Rc5 16. g4 Bd7 17. h4 Qa5 18. b4 Qb6 19. Ka1 Rcc8 20. h5 Rh8 21. c4
a5 22. bxa5 Qc5 23. Re1 e5 24. dxe6 fxe6 25. Qb2+ e5 26. h6+ Kf7 27. Bd3 Bc6
28. Rhf1 Rhe8 29. f4 Kg8 30. f5 gxf5 31. gxf5 Rc7 32. Rg1+ Kf8 33. Rg4 Rf7 34.
Reg1 e4 35. f6 Qxg1+ 36. Rxg1 exd3 37. a6 bxa6 38. Qd4 Re6 39. Qxd3 Rexf6 40.
Qe3 Bd7 41. Rb1 Re7 42. Qg5 Rg6 43. Rf1+ Ke8 44. Qd5 Bh3 45. Qa8+ Kd7 46. Qb7+
Ke8 47. Qc6+ Rd7 48. Qc8+ Ke7 49. Qf8+ 1-0

[Event "Ct. Catalunya eq DH"]
[Site "?"]
[Date "2012.??.??"]
[Round "9.6"]
[White "Rodriguez Vargas, O."]
[Black "Miquel Erice, J."]
[Result "0-1"]
[WhiteElo "2420"]
[BlackElo "2136"]
[PlyCount "72"]
[EventDate "2012.??.??"]
[EventType "team"]
[EventRounds "11"]

1. d4 Nf6 2. c4 g6 3. Nc3 Bg7 4. e4 O-O 5. Be2 d6 6. Bg5 c6 7. f4 h6 8. Bh4 Qa5
9. Qd2 e5 10. fxe5 dxe5 11. d5 cxd5 12. cxd5 Nbd7 13. Nf3 Nc5 14. O-O Qb6 15.
Bf2 Nfxe4 16. Nxe4 Nxe4 17. Bxb6 Nxd2 18. Nxd2 axb6 19. Nc4 e4 20. Rad1 Rxa2
21. Rd2 b5 22. Nd6 e3 23. Rc2 Rxb2 24. Rfc1 Bd7 25. Rxb2 Bxb2 26. Rc7 Rd8 27.
Nxb7 Rc8 28. Rxc8+ Bxc8 29. Nd6 Ba6 30. Bxb5 Bd4 31. Kf1 Bxb5+ 32. Nxb5 Bc5 33.
Ke2 Kg7 34. Nc3 f5 35. Kd3 Kf6 36. Kc4 Bd6 0-1

[Event "Ct. Catalunya eq DH"]
[Site "?"]
[Date "2012.03.24"]
[Round "9.7"]
[White "Adel Lahchaichi, O."]
[Black "Perez Mañas, B."]
[Result "0-1"]
[WhiteElo "2368"]
[BlackElo "2353"]
[PlyCount "72"]
[EventDate "2012.??.??"]
[EventType "team"]
[EventRounds "11"]

1. c4 c5 2. g3 Nc6 3. Bg2 g6 4. Nc3 Nf6 5. a3 Bg7 6. Rb1 a5 7. Nf3 d5 8. cxd5
Nxd5 9. O-O O-O 10. Qb3 Nc7 11. Na4 Ne6 12. e3 Rb8 13. Nb6 a4 14. Nxa4 b5 15.
Nc3 c4 16. Qc2 Nc5 17. a4 Bf5 18. e4 Nb4 19. Qd1 Nxe4 20. Nxb5 Nxf2 21. Rxf2
Bxb1 22. d4 Be4 23. Re2 Bc6 24. Bf4 Rb7 25. Bd2 Nd3 26. Bc3 Qb6 27. b3 Bxb5 28.
axb5 Qxb5 29. Nd2 Rc7 30. Re3 cxb3 31. Nb1 Rfc8 32. Qd2 Bh6 33. Qxd3 Bxe3+ 34.
Qxe3 b2 35. Be4 Qb3 36. Bd2 Rc1+ 0-1

[Event "Ct. Catalunya eq DH"]
[Site "?"]
[Date "2012.03.24"]
[Round "9.7"]
[White "Almeida Toledano, D."]
[Black "Armengol Comas, J."]
[Result "1-0"]
[WhiteElo "2399"]
[BlackElo "2299"]
[PlyCount "61"]
[EventDate "2012.??.??"]
[EventType "team"]
[EventRounds "11"]

1. e4 e5 2. Nf3 d6 3. d4 Nd7 4. c4 Ngf6 5. Nc3 g6 6. Be3 Bg7 7. Qd2 Ng4 8. Bg5
f6 9. Bh4 h5 10. h3 Nh6 11. dxe5 dxe5 12. Rd1 Nf7 13. c5 g5 14. Bg3 Nxc5 15.
Qc2 Nd6 16. Nb5 Ne6 17. Bc4 a6 18. Nxd6+ cxd6 19. Qd2 Qc7 20. Rc1 Qe7 21. Qa5
h4 22. Bh2 Kf7 23. O-O Kg6 24. Rfd1 Rd8 25. Bd5 Rd7 26. Kf1 Bf8 27. Nd2 Qd8 28.
Qxd8 Rxd8 29. Rxc8 Raxc8 30. Bxe6 d5 31. Bxc8 1-0

[Event "Ct. Catalunya eq DH"]
[Site "?"]
[Date "2012.03.24"]
[Round "9.7"]
[White "Fernandez Madrid, C."]
[Black "Colls Gelaberto, E."]
[Result "1/2-1/2"]
[WhiteElo "2290"]
[BlackElo "2270"]
[PlyCount "118"]
[EventDate "2012.??.??"]
[EventType "team"]
[EventRounds "11"]

1. c4 Nf6 2. g3 c5 3. Bg2 d5 4. cxd5 Nxd5 5. Nc3 Nc7 6. a4 e5 7. a5 Be7 8. Nf3
Nc6 9. O-O Be6 10. d3 O-O 11. Be3 Nd5 12. a6 b6 13. Qa4 Rc8 14. Bd2 Qd7 15.
Nxe5 Nxe5 16. Qxd7 Nxd7 17. Nxd5 Bd8 18. Nf4 Bf5 19. Bb7 Rb8 20. e4 Be6 21.
Nxe6 fxe6 22. f4 Bf6 23. e5 Be7 24. Be3 Rfd8 25. Kg2 Nf8 26. Be4 Ng6 27. Rfd1
Bf8 28. d4 cxd4 29. Rxd4 Bc5 30. Rxd8+ Rxd8 31. Bxc5 bxc5 32. Rc1 Rd2+ 33. Kh3
Rxb2 34. Rxc5 Ra2 35. Rc8+ Nf8 36. Bd3 Rd2 37. Bc4 Kf7 38. Rc7+ Rd7 39. Rc8 h6
40. f5 Ke7 41. g4 h5 42. f6+ gxf6 43. exf6+ Kf7 44. gxh5 Nh7 45. Rc6 Kxf6 46.
Rxe6+ Kf5 47. Re3 Ng5+ 48. Kg2 Ne4 49. Kf3 Nd2+ 50. Ke2 Nxc4 51. Rg3 Rd2+ 52.
Ke1 Rd6 53. Rg7 Rc6 54. h6 Rxh6 55. Rxa7 Rxh2 56. Rf7+ Ke4 57. Re7+ Ne5 58. Re8
Kf5 59. Re7 Nf3+ 1/2-1/2

[Event "Ct. Catalunya eq DH"]
[Site "?"]
[Date "2012.03.24"]
[Round "9.7"]
[White "Garrido Fernandez, D."]
[Black "Martinez Ramirez, E."]
[Result "0-1"]
[WhiteElo "2335"]
[BlackElo "2366"]
[PlyCount "48"]
[EventDate "2012.??.??"]
[EventType "team"]
[EventRounds "11"]

1. e4 c5 2. Nc3 g6 3. f4 Bg7 4. Nf3 d6 5. Bc4 Nc6 6. O-O e6 7. d3 Nge7 8. Qe1
O-O 9. f5 d5 10. Bb3 c4 11. exd5 cxb3 12. dxc6 bxc2 13. fxe6 Nxc6 14. exf7+
Rxf7 15. Qe2 Bf5 16. Bg5 Qxd3 17. Qxd3 Bxd3 18. Rfe1 h6 19. Be3 b5 20. Rac1 a5
21. Bc5 Rf5 22. Re3 Rxc5 23. Rxd3 Nb4 24. Re3 Rac8 0-1

[Event "Ct. Catalunya eq DH"]
[Site "?"]
[Date "2012.03.24"]
[Round "9.7"]
[White "Guasch Sariol, J."]
[Black "Colon Garcia, E."]
[Result "0-1"]
[WhiteElo "2235"]
[BlackElo "2376"]
[PlyCount "68"]
[EventDate "2012.??.??"]
[EventType "team"]
[EventRounds "11"]

1. d4 Nf6 2. c4 e6 3. Nc3 Bb4 4. e3 O-O 5. Nge2 d5 6. a3 Be7 7. Nf4 c6 8. cxd5
exd5 9. Bd3 a5 10. O-O Na6 11. Bc2 Nc7 12. Rb1 Bd6 13. f3 Bxf4 14. exf4 Nce8
15. g4 Nd6 16. f5 h6 17. Bf4 Nh7 18. Qe1 Nc4 19. Qg3 Re8 20. Rfe1 Bd7 21. h4
Qb6 22. Ne2 Ne3 23. Bd3 c5 24. Nc3 cxd4 25. Bxe3 dxe3 26. Nxd5 Qd4 27. Be4 Nf6
28. Qd6 Kh8 29. Rbd1 Nxe4 30. fxe4 Qxe4 31. Qxd7 Qxg4+ 32. Kh2 Qxh4+ 33. Kg2
Qf2+ 34. Kh3 Re4 0-1

[Event "Ct. Catalunya eq DH"]
[Site "?"]
[Date "2012.??.??"]
[Round "9.7"]
[White "Luke Brezmes, C."]
[Black "Mestre Bellido, H."]
[Result "0-1"]
[WhiteElo "2132"]
[BlackElo "2380"]
[PlyCount "118"]
[EventDate "2012.??.??"]
[EventType "team"]
[EventRounds "11"]

1. e4 e5 2. Nf3 Nc6 3. d4 exd4 4. Bc4 Nf6 5. O-O Nxe4 6. Re1 d5 7. Bxd5 Qxd5 8.
Nc3 Qh5 9. Nxe4 Be6 10. Bg5 Bd6 11. c3 O-O 12. cxd4 Bg4 13. Nxd6 cxd6 14. Be3
Nb4 15. Rf1 Rfe8 16. Rc1 Nd5 17. h3 Bxf3 18. Qxf3 Qxf3 19. gxf3 Kf8 20. Rfe1
Ke7 21. Kf1 Kd7 22. Bd2 Rac8 23. a3 Rxe1+ 24. Kxe1 Rxc1+ 25. Bxc1 Ke6 26. Ke2
Ne7 27. Kd3 Kd5 28. b3 Nf5 29. Bb2 Nh4 30. f4 f6 31. a4 Ng2 32. Bc1 Ne1+ 33.
Kc3 Nf3 34. Be3 Ke4 35. d5 a6 36. Kc4 Ng1 37. Bc5 b5+ 38. axb5 axb5+ 39. Kxb5
Kxd5 40. Be3 Ne2 41. Kb6 Nc3 42. Bd2 Ne4 43. Be3 f5 44. f3 Nc3 45. Bd2 Ne2 46.
Be3 g6 47. h4 Nc3 48. Bd2 Nd1 49. Kc7 Nb2 50. Bb4 Nd3 51. Bxd6 Ne1 52. b4 Nxf3
53. b5 Nd4 54. Kd7 Nxb5 55. Be5 Nd4 56. Ke7 Nf3 57. Bf6 Ke4 58. Bg5 Nxg5 59.
fxg5 Kf4 0-1

[Event "Ct. Catalunya eq DH"]
[Site "?"]
[Date "2012.03.24"]
[Round "9.8"]
[White "Ayas Fernandez, A."]
[Black "Grau Garsaball, J."]
[Result "1/2-1/2"]
[WhiteElo "2360"]
[BlackElo "2164"]
[PlyCount "55"]
[EventDate "2012.??.??"]
[EventType "team"]
[EventRounds "11"]

1. c4 e6 2. Nf3 Nf6 3. g3 d5 4. Bg2 Be7 5. O-O O-O 6. d4 c5 7. cxd5 exd5 8. Nc3
Nc6 9. Bg5 cxd4 10. Nxd4 h6 11. Be3 Be6 12. h3 Qd7 13. Kh2 Rfd8 14. Rc1 Rac8
15. Qa4 a6 16. Rfd1 Nxd4 17. Qxd7 Rxd7 18. Bxd4 Rdc7 19. Ra1 b5 20. a3 Rc4 21.
Rd2 Rb8 22. Bxf6 Bxf6 23. Nxd5 Bxd5 24. Bxd5 Rd4 25. Rad1 Rxd2 26. Rxd2 b4 27.
axb4 Rxb4 28. b3 1/2-1/2

[Event "Ct. Catalunya eq DH"]
[Site "?"]
[Date "2012.03.24"]
[Round "9.8"]
[White "Del Amo Carbo, J."]
[Black "Bofill Mas, A."]
[Result "0-1"]
[WhiteElo "2173"]
[BlackElo "2406"]
[PlyCount "52"]
[EventDate "2012.??.??"]
[EventType "team"]
[EventRounds "11"]

1. d4 Nf6 2. c4 g6 3. Nc3 d5 4. cxd5 Nxd5 5. e4 Nxc3 6. bxc3 c5 7. Nf3 Bg7 8.
Rb1 O-O 9. Be3 cxd4 10. cxd4 Qa5+ 11. Qd2 Qxd2+ 12. Bxd2 b6 13. Rc1 Bb7 14. d5
Na6 15. Bd3 Nc5 16. Bb1 Ba6 17. Be3 Rac8 18. Kd2 Rfd8 19. Rhd1 Bb2 20. Bxc5
Bxc1+ 21. Kxc1 Rxc5+ 22. Kb2 Be2 23. Re1 Bxf3 24. gxf3 e6 25. Re2 exd5 26. Bc2
d4 0-1

[Event "Ct. Catalunya eq DH"]
[Site "?"]
[Date "2012.??.??"]
[Round "9.8"]
[White "Ibañez Tarradellas, E."]
[Black "Negreiro Pozo, B."]
[Result "1-0"]
[WhiteElo "2380"]
[BlackElo "2096"]
[PlyCount "49"]
[EventDate "2012.??.??"]
[EventType "team"]
[EventRounds "11"]

1. d4 d5 2. Bg5 Nd7 3. e3 Ngf6 4. Nd2 c6 5. f4 e6 6. Bd3 Be7 7. Ngf3 c5 8. c3
cxd4 9. exd4 h6 10. Bxf6 Nxf6 11. O-O O-O 12. Ne5 Bd7 13. g4 Nh7 14. g5 f5 15.
gxh6 gxh6 16. Qh5 Rf6 17. Rf3 Be8 18. Rg3+ Kh8 19. Qh3 Bd6 20. Ndf3 Qe7 21. Kf2
Bf7 22. Rag1 Rf8 23. Qg2 Qe8 24. Bb5 Qd8 25. Rg7 1-0

[Event "Ct. Catalunya eq DH"]
[Site "?"]
[Date "2012.03.24"]
[Round "9.8"]
[White "Lillo Ferrer, JM."]
[Black "Gardela Batlle, J."]
[Result "1-0"]
[WhiteElo "2223"]
[BlackElo "2287"]
[PlyCount "109"]
[EventDate "2012.??.??"]
[EventType "team"]
[EventRounds "11"]

1. e4 c5 2. d3 e6 3. f4 d5 4. Be2 Nc6 5. Nf3 dxe4 6. dxe4 Qxd1+ 7. Bxd1 b6 8.
O-O Ba6 9. Re1 g6 10. Nc3 Bg7 11. e5 Nge7 12. Be3 Nf5 13. Bf2 h5 14. Ne4 O-O
15. h3 Rfd8 16. g4 hxg4 17. hxg4 Nfd4 18. Nxd4 cxd4 19. Bh4 Rdc8 20. Nf6+ Kf8
21. a3 Bh6 22. Bg3 Bb7 23. Ne4 Rc7 24. Nd6 Rd8 25. Kf2 Ne7 26. Nxb7 Rxb7 27.
Rh1 Bg7 28. Bf3 Rc7 29. Be4 Nd5 30. Kf3 Kg8 31. Rad1 Ne3 32. Rd2 f5 33. exf6
Bxf6 34. Bxg6 Nc4 35. Rdh2 Nxb2 36. g5 Bg7 37. Re1 Rc3+ 38. Kg4 Re3 39. Rhe2
Nc4 40. Bf2 Rxe2 41. Rxe2 Nxa3 42. Rxe6 Bf8 43. Rc6 Nb5 44. f5 Nc3 45. f6 a5
46. Rxb6 a4 47. Ra6 a3 48. Bf5 Rd6 49. Rxd6 Bxd6 50. Bxd4 Bb4 51. Be6+ Kh7 52.
Kf5 Ne2 53. g6+ Kh6 54. Be3+ Kh5 55. g7 1-0

[Event "Ct. Catalunya eq DH"]
[Site "?"]
[Date "2012.03.24"]
[Round "9.8"]
[White "Rivas Garcia, V."]
[Black "Martinez Lopez, I."]
[Result "0-1"]
[WhiteElo "2331"]
[BlackElo "2327"]
[PlyCount "104"]
[EventDate "2012.??.??"]
[EventType "team"]
[EventRounds "11"]

1. e4 e5 2. Nf3 Nc6 3. Bc4 Be7 4. c3 Nf6 5. d3 O-O 6. Bb3 d6 7. Nbd2 h6 8. Nf1
Nh7 9. Ne3 Ng5 10. Nd5 Na5 11. Bc2 Bg4 12. Nxe7+ Qxe7 13. Bxg5 hxg5 14. h3 Be6
15. Qd2 f6 16. Nh2 g6 17. Ng4 Kg7 18. Ne3 c5 19. a3 Nc6 20. b4 Rh8 21. b5 Na5
22. Nd5 Bxd5 23. exd5 c4 24. dxc4 Rac8 25. O-O b6 26. Rfe1 Qf7 27. a4 Rxc4 28.
Qd3 Rhc8 29. Ra3 R8c5 30. Rd1 f5 31. Bb1 e4 32. Qd2 Qf6 33. Rc1 f4 34. f3 e3
35. Qd3 Rd4 36. Qc2 Rd2 37. Qe4 Rcxd5 38. Ba2 Re5 39. Qa8 Re7 40. Qg8+ Kh6 41.
Re1 Qg7 42. Qc8 d5 43. Qg4 Qf6 44. Qc8 Kg7 45. Qa8 Qf8 46. Bxd5 Qxa8 47. Bxa8
Red7 48. Raa1 Nb3 49. Rab1 Nc5 50. Be4 Nxe4 51. fxe4 Kf6 52. Rbc1 Ra2 0-1

[Event "Ct. Catalunya eq DH"]
[Site "?"]
[Date "2012.??.??"]
[Round "9.9"]
[White "Aledo Vidal, G."]
[Black "Arias Boo, G."]
[Result "0-1"]
[WhiteElo "1836"]
[BlackElo "2373"]
[PlyCount "60"]
[EventDate "2012.??.??"]
[EventType "team"]
[EventRounds "11"]

1. e4 e5 2. d4 exd4 3. Qxd4 Nc6 4. Qe3 Nf6 5. Nc3 Bb4 6. Bd2 O-O 7. O-O-O Re8
8. Nge2 d5 9. Nd4 Bxc3 10. Nxc6 Bxd2+ 11. Qxd2 bxc6 12. exd5 Qxd5 13. Qxd5 cxd5
14. Bb5 Rd8 15. Bc6 Rb8 16. Rhe1 Be6 17. f3 h6 18. g4 Rb6 19. Ba4 Rb4 20. b3
Rf4 21. Re3 c5 22. Bc6 d4 23. Re5 Bd5 24. Bxd5 Rxd5 25. Rxd5 Nxd5 26. c4 Ne3
27. Rd3 Rxf3 28. Kd2 Nf1+ 29. Ke2 Rxd3 30. Kxd3 Nxh2 0-1

[Event "Ct. Catalunya eq DH"]
[Site "?"]
[Date "2012.03.24"]
[Round "9.9"]
[White "Bruned Segura, M."]
[Black "Mingo Fernandez, M."]
[Result "0-1"]
[WhiteElo "2268"]
[BlackElo "2284"]
[PlyCount "100"]
[EventDate "2012.??.??"]
[EventType "team"]
[EventRounds "11"]

1. e4 e6 2. d4 d5 3. Nd2 dxe4 4. Nxe4 Nd7 5. Nf3 Ngf6 6. Nxf6+ Nxf6 7. Bg5 c5
8. dxc5 Qa5+ 9. Qd2 Qxd2+ 10. Nxd2 Bxc5 11. Bb5+ Bd7 12. Bxd7+ Nxd7 13. Ne4 Be7
14. Bxe7 Kxe7 15. O-O-O Rhd8 16. Rhe1 Nf6 17. Nxf6 Kxf6 18. Re4 Rxd1+ 19. Kxd1
Rd8+ 20. Ke2 Rd5 21. Rb4 b6 22. Rc4 Rd7 23. h4 Ke5 24. g3 Kd5 25. b3 e5 26. Rc3
Re7 27. a4 Kd4 28. Rc4+ Kd5 29. Ke3 Rd7 30. Rc3 Re7 31. Rc8 Ke6 32. Rd8 Rc7 33.
c4 Ke7 34. Rd5 Ke6 35. Ke4 f5+ 36. Ke3 Rd7 37. Rb5 Rc7 38. a5 Rc5 39. Rxc5 bxc5
40. Kd3 g6 41. Kc3 Kd6 42. b4 cxb4+ 43. Kxb4 a6 44. Kb3 Kc5 45. Kc3 h6 46. Kb3
g5 47. hxg5 hxg5 48. f3 e4 49. fxe4 fxe4 50. Kc3 g4 0-1

[Event "Ct. Catalunya eq DH"]
[Site "?"]
[Date "2012.03.24"]
[Round "9.9"]
[White "De la Riva Aguado, J."]
[Black "Asensio Liñan, T."]
[Result "1-0"]
[WhiteElo "2325"]
[BlackElo "2301"]
[PlyCount "45"]
[EventDate "2012.??.??"]
[EventType "team"]
[EventRounds "11"]

1. d4 Nf6 2. Nf3 e6 3. e3 b6 4. Bd3 Bb7 5. Nbd2 c5 6. b3 cxd4 7. exd4 Nd5 8.
O-O Nf4 9. Bc4 b5 10. Be2 Bd6 11. Re1 O-O 12. Bf1 Bb4 13. g3 Nd5 14. c4 Nf6 15.
Bb2 bxc4 16. bxc4 Bxd2 17. Nxd2 Qb6 18. Rb1 Qc6 19. d5 exd5 20. Bxf6 dxc4 21.
Rxb7 Qxb7 22. Qg4 g6 23. Qf4 1-0

[Event "Ct. Catalunya eq DH"]
[Site "?"]
[Date "2012.03.24"]
[Round "9.9"]
[White "Fernandez Serrano, P."]
[Black "Parals Marce, L."]
[Result "1/2-1/2"]
[WhiteElo "2249"]
[BlackElo "2132"]
[PlyCount "59"]
[EventDate "2012.??.??"]
[EventType "team"]
[EventRounds "11"]

1. d4 Nf6 2. Bf4 d5 3. e3 e6 4. Nf3 Be7 5. Bd3 c5 6. c3 O-O 7. Nbd2 b6 8. Ne5
Bb7 9. Qf3 Nbd7 10. Qh3 c4 11. Bc2 b5 12. Ndf3 Ne4 13. Nxd7 Qxd7 14. Ne5 Qd8
15. f3 Nf6 16. Bg5 Re8 17. Bxf6 Bxf6 18. Qxh7+ Kf8 19. Qh5 Bxe5 20. Qxe5 Qb8
21. Qh5 g6 22. Qh6+ Ke7 23. Qg5+ Kd7 24. f4 Qd8 25. Qxd8+ Raxd8 26. g4 f5 27.
h4 Rh8 28. Kf2 a5 29. h5 gxh5 30. gxh5 1/2-1/2

[Event "Ct. Catalunya eq DH"]
[Site "?"]
[Date "2012.03.24"]
[Round "9.9"]
[White "Vives Jaume, O."]
[Black "Tallo Dominguez, I."]
[Result "0-1"]
[WhiteElo "2155"]
[BlackElo "2304"]
[PlyCount "101"]
[EventDate "2012.??.??"]
[EventType "team"]
[EventRounds "11"]

1. d4 Nf6 2. c4 e6 3. Nc3 Bb4 4. e3 c5 5. Bd3 O-O 6. Nge2 cxd4 7. exd4 d5 8.
cxd5 Nxd5 9. O-O Nc6 10. Nxd5 Qxd5 11. a3 Be7 12. Qc2 g6 13. Be3 Bf6 14. Rfd1
Ne7 15. Be4 Qd8 16. Rac1 Nd5 17. Bh6 Re8 18. Nc3 b6 19. Bxd5 exd5 20. Nb5 Bf5
21. Qc7 Re7 22. Qxd8+ Rxd8 23. Be3 Red7 24. Rc3 Be7 25. Rdc1 g5 26. Rc7 a6 27.
Rxd7 Rxd7 28. Nc7 Bd3 29. Rc6 Bd8 30. Na8 Bb5 31. Rc8 Kg7 32. f4 h6 33. fxg5
hxg5 34. Kf2 a5 35. Rb8 Rd6 36. Ke1 Ba6 37. Bf2 f5 38. h4 Kg6 39. g3 gxh4 40.
gxh4 f4 41. b4 axb4 42. axb4 Kh5 43. Kd2 Kg4 44. Be1 Kh3 45. h5 f3 46. h6 Bg5+
47. Kc3 Rc6+ 48. Kb3 Bc4+ 49. Kc2 Be2+ 50. Kb3 Bd1+ 51. Kb2 0-1